|
|
|
|
| LEADER |
00000nab a2200000 a 4500 |
| 001 |
vtls000531017 |
| 003 |
SK-MaSNL |
| 005 |
20260304102436.0 |
| 008 |
250425c1994 xo 0 slo |
| 015 |
|
|
|a SNBRB19rr/mm-uuuuu
|
| 035 |
|
|
|a CL0531155
|
| 035 |
|
|
|a urn:nbn:sk:snk-abboqk
|
| 035 |
|
|
|a (urnnbn)urn:nbn:sk:snk:ar-002m84
|
| 035 |
|
|
|a (uuid)ac07fc7e-667e-4d2d-9d57-bd3ebf912da7
|
| 040 |
|
|
|a SNKBUCL
|b slo
|c SNKBUCL
|e AACR2
|
| 041 |
0 |
|
|a slo
|
| 044 |
|
|
|a xo
|c SK
|
| 080 |
|
|
|a 82.09:885.4-3(048)
|2 1981
|
| 080 |
|
|
|a 885.4-3(048)
|2 1981
|
| 100 |
1 |
|
|a Hučková, Dana,
|d 1965-
|4 aut
|9 164314
|
| 245 |
1 |
0 |
|a Kniha paradoxov
|b Ján Johanides: Kocúr a zimný človek
|c Dana Kršáková
|
| 500 |
|
|
|a V rubrike Štyri pohľady na...
|
| 650 |
0 |
7 |
|a slovenské novely
|2 snkbucl
|9 383297
|
| 655 |
|
7 |
|a články z novín a časopisov
|2 snkbucl
|9 267496
|
| 655 |
|
7 |
|a články z odboru literárna veda a krásna literatúra
|2 snkbucl
|9 770045
|
| 655 |
|
7 |
|a recenzie
|2 snkbucl
|9 21907
|
| 773 |
0 |
|
|t Dotyky
|g Roč. 6, č. 8-9 (1994), s. 42-43
|
| 787 |
0 |
8 |
|i Rec.:
|a Johanides, Ján
|t Kocúr a zimný človek
|d Bratislava : HEVI, 1994
|
| 850 |
|
|
|a Slovenská národná knižnica
|
| 852 |
|
|
|a Slovenská národná knižnica
|
| 954 |
|
|
|a odborná, vedecká literatúra pôvodná (slovenská)
|2 lita
|
| 958 |
|
|
|a article15
|
| 958 |
|
|
|a RK
|
| 958 |
|
|
|a LX
|
| 958 |
|
|
|a OND
|
| 958 |
|
|
|a EUIPO
|
| 992 |
|
|
|a RBX
|
| 999 |
|
|
|c 2845021
|d 2846951
|